Music Quiz

Random Music Quiz

Linkin Park Music Videos Quiz Stats

 Plays Quiz not verified by Sporcle

Support Sporcle.
Go Orange.
Score 0/21 Timer 05:00
0 Plays Today
% Correct
Numb
94.4%
Numb
94.4%
In The End
91.9%
Crawling
84.2%
What I've Done
80.7%
Papercut
79.2%
One Step Closer
78.9%
Somewhere I Belong
74.8%
Faint
72.7%
Breaking the Habit
72.7%
Bleed It Out
71.1%
% Correct
The Catalyst
69.9%
Leave Out All The Rest
68.6%
Shadow of the Day
67.1%
From the Inside
66.1%
New Divide
65.8%
Waiting for the End
65.2%
Given Up
59%
Pts.of.Athrty
18.3%
Not Alone
16.8%
We Made It
13%

You're not logged in!

Compare scores with friends on all Sporcle quizzes.
OR
Log In

From the Vault

HS Things

by LTH

Holy Schnikes! This quiz is hot stuff.
Remove Ads.
Support Sporcle.
Get the best of Sporcle when you Go Orange. This ad-free experience offers more features, more stats, and more fun while also helping to support Sporcle. Thank you for becoming a member.

Show Comments

Extras

Top Quizzes Today


Score Distribution

Your Account Isn't Verified!

In order to create a playlist on Sporcle, you need to verify the email address you used during registration. Go to your Sporcle Settings to finish the process.

Report this User

Report this user for behavior that violates our Community Guidelines.

Details: